[Event "XII. DBMM Schach"]
[Site "Berlin"]
[Date "2012.10.13"]
[Round "5.4"]
[White "Dallmann, Karl"]
[Black "Kleinwaechter, Manfred"]
[Result "1/2-1/2"]
[WhiteElo "1400"]
[BlackElo "1586"]
[Annotator "br"]
[PlyCount "62"]
[EventDate "2012.??.??"]
[Source "FV Schach e.V."]
[SourceDate "2012.10.14"]
[WhiteTeam "EADS Airbus Bremen"]
[BlackTeam "Deutsche Telekom Berlin"]
[WhiteTeamCountry "GER"]
[BlackTeamCountry "GER"]

1. e4 e6 2. d4 d5 3. e5 c5 4. b3 Nc6 5. Nf3 Qb6 6. Be3 Nge7 7. dxc5 Qc7 8. a3
Nxe5 9. Nxe5 Qxe5 10. Qd4 Qxd4 11. Bxd4 Nc6 12. Bb5 Bd7 13. Bxc6 Bxc6 14. O-O
f6 15. b4 e5 16. Re1 Kf7 17. Bb2 g6 18. f3 Bh6 19. Bc1 Bxc1 20. Rxc1 d4 21. Nd2
Bd5 22. Re1 Rhe8 23. Ne4 Bxe4 24. Rxe4 Re6 25. a4 a6 26. g3 Rc8 27. a5 Rd8 28.
Rae1 Ke7 29. f4 Rd5 30. Kf2 Kf7 31. Rd1 Rd7 1/2-1/2

[Event "XII. DBMM Schach"]
[Site "Berlin"]
[Date "2012.10.13"]
[Round "5.3"]
[White "Kretzschmar, Jan"]
[Black "Schulz, Manfred"]
[Result "1-0"]
[WhiteElo "1664"]
[BlackElo "1526"]
[Annotator "br"]
[PlyCount "38"]
[EventDate "2012.??.??"]
[Source "FV Schach e.V."]
[SourceDate "2012.10.14"]
[WhiteTeam "Team DBMM Berlin"]
[BlackTeam "TT/WiHeil Berlin"]
[WhiteTeamCountry "GER"]
[BlackTeamCountry "GER"]

1. d4 Nf6 2. Bg5 e6 3. e4 Be7 4. Bd3 b6 5. Nd2 Bb7 6. f3 c5 7. c3 Nc6 8. Ne2
Rc8 9. Rc1 O-O 10. O-O cxd4 11. cxd4 Nb4 12. Bb1 Ba6 13. Nb3 h6 14. Be3 Rxc1
15. Nexc1 d5 16. e5 Nd7 17. a3 Nc6 18. Qc2 f5 19. Qxc6 Kf7 {Rest unleserlich.}
1-0

[Event "XII. DBMM Schach"]
[Site "Berlin"]
[Date "2012.10.13"]
[Round "5.1"]
[White "Gueldenpfennig, Gavin"]
[Black "Wirth, Volker"]
[Result "1-0"]
[WhiteElo "1306"]
[BlackElo "1762"]
[Annotator "br"]
[PlyCount "44"]
[EventDate "2012.??.??"]
[Source "FV Schach e.V."]
[SourceDate "2012.10.14"]
[WhiteTeam "SV Senat Berlin IV"]
[BlackTeam "Sparkassenvers. Stuttgart II"]
[WhiteTeamCountry "GER"]
[BlackTeamCountry "GER"]

1. e4 c5 2. c3 d5 3. e5 Nc6 4. d4 Bf5 5. Nf3 e6 6. Be3 Qb6 7. b3 Rc8 8. Bd3
cxd4 9. Bxd4 Nxd4 10. Nxd4 Bxd3 11. Qxd3 Ne7 12. Qb5+ Qxb5 13. Nxb5 Nc6 14. O-O
a6 15. Nd6+ Bxd6 16. exd6 Na5 17. f4 g6 18. Rf3 Kd7 19. Nd2 b5 20. a4 Nb7 21.
axb5 axb5 22. Ra7 Ra8 1-0

[Event "XII. DBMM Schach"]
[Site "Berlin"]
[Date "2012.10.13"]
[Round "5.2"]
[White "Brethauer, Tim"]
[Black "Weihrich, Joerg"]
[Result "0-1"]
[WhiteElo "1619"]
[BlackElo "1552"]
[Annotator "br"]
[PlyCount "82"]
[EventDate "2012.??.??"]
[Source "FV Schach e.V."]
[SourceDate "2012.10.14"]
[WhiteTeam "Sparkassenvers. Stuttgart II"]
[BlackTeam "SV Senat Berlin IV"]
[WhiteTeamCountry "GER"]
[BlackTeamCountry "GER"]

1. e4 d5 2. exd5 Qxd5 3. Nc3 Qa5 4. Nf3 Nf6 5. d4 c6 6. Be2 Bf5 7. Bf4 Nd5 8.
Bd2 Qc7 9. Nxd5 cxd5 10. c3 e6 11. Qa4+ Nd7 12. Ne5 a6 13. Bf4 Qc8 14. Nxd7
Qxd7 15. Qxd7+ Kxd7 16. O-O Bd6 17. Be5 f6 18. Bxd6 Kxd6 19. f4 h6 20. g4 Be4
21. Bf3 f5 22. Bxe4 dxe4 23. h3 b5 24. Rac1 Rac8 25. Rf2 Rc7 26. Rfc2 Rhc8 27.
Kf2 Kd5 28. Ke3 g6 29. Kd2 a5 30. Ke3 a4 31. a3 Kc4 32. Kd2 Rd7 33. Ke3 Kb3 34.
Kd2 Rc4 35. Ke3 Rdxd4 36. Rd2 Rxd2 37. Kxd2 Kxb2 38. Rc2+ Kxa3 39. Kc1 b4 40.
Kb1 Rxc3 41. Ra2+ Kb3 0-1

[Event "XII. DBMM Schach"]
[Site "Berlin"]
[Date "2012.10.13"]
[Round "5.4"]
[White "Fenn Ries, Ruediger"]
[Black "Tschirschwitz, Stephan"]
[Result "1/2-1/2"]
[WhiteElo "1263"]
[BlackElo "1412"]
[Annotator "br"]
[PlyCount "49"]
[EventDate "2012.??.??"]
[Source "FV Schach e.V."]
[SourceDate "2012.10.14"]
[WhiteTeam "Sparkassenvers. Stuttgart II"]
[BlackTeam "SV Senat Berlin IV"]
[WhiteTeamCountry "GER"]
[BlackTeamCountry "GER"]

1. Nf3 d5 2. d4 Nf6 3. g3 e6 4. Bg2 Bb4+ 5. Bd2 Bxd2+ 6. Qxd2 b6 7. O-O Qd6 8.
Ne5 Nbd7 9. Qg5 O-O 10. Qf4 Bb7 11. Nc3 a6 12. a3 c5 13. dxc5 Qxc5 14. Nxd7
Nxd7 15. Rad1 Nf6 16. Rd2 Bc6 17. Rfd1 Rac8 18. Qd4 Qxd4 19. Rxd4 b5 20. Rf4
Nd7 21. e4 Nb6 22. exd5 Nxd5 23. Nxd5 Bxd5 24. c3 Bxg2 25. Kxg2 1/2-1/2

[Event "XII. DBMM Schach"]
[Site "Berlin"]
[Date "2012.10.13"]
[Round "6.2"]
[White "Von Herman, Ulf"]
[Black "Meister, Jakob"]
[Result "0-1"]
[WhiteElo "2317"]
[BlackElo "2414"]
[Annotator "br"]
[PlyCount "102"]
[EventDate "2012.??.??"]
[Source "FV Schach e.V."]
[SourceDate "2012.10.14"]
[WhiteTeam "SV Senat Berlin"]
[BlackTeam "SK Praesident Berlin"]
[WhiteTeamCountry "GER"]
[BlackTeamCountry "RUS"]

1. c4 e6 2. d4 d5 3. Nc3 Nf6 4. cxd5 exd5 5. Bg5 c6 6. e3 h6 7. Bh4 Be7 8. Qc2
Nbd7 9. Bd3 O-O 10. Nf3 Re8 11. Bg3 Nh5 12. Be5 Nhf6 13. h3 Nxe5 14. Nxe5 Nd7
15. Bh7+ Kf8 16. Nxd7+ Bxd7 17. Bf5 Kg8 18. O-O Bd6 19. Rfe1 Be6 20. Rad1 Qg5
21. Bxe6 Rxe6 22. f4 Qh4 23. Qf2 Qxf2+ 24. Kxf2 Rae8 25. Kf3 f5 26. a3 Kf7 27.
g4 Kf6 28. Re2 g5 29. Rde1 Bc7 30. fxg5+ hxg5 31. gxf5 Kxf5 32. e4+ dxe4+ 33.
Nxe4 Bf4 34. Ng3+ Bxg3 35. Rxe6 Rxe6 36. Rxe6 Kxe6 37. Kxg3 a5 38. Kg4 Kf6 39.
Kf3 a4 40. Kg4 Kg6 41. Kf3 Kh5 42. Kg3 b6 43. Kf3 Kh4 44. Kg2 g4 45. hxg4 Kxg4
46. Kf2 Kf4 47. Ke2 Ke4 48. Kd2 Kxd4 49. Kc2 Kc4 50. Kc1 Kb3 51. Kb1 c5 0-1

[Event "XII. DBMM Schach"]
[Site "Berlin"]
[Date "2012.10.13"]
[Round "6.3"]
[White "Salov, Sergej"]
[Black "Kachibadze, Georg"]
[Result "0-1"]
[WhiteElo "2332"]
[BlackElo "2298"]
[Annotator "br"]
[PlyCount "64"]
[EventDate "2012.??.??"]
[Source "FV Schach e.V."]
[SourceDate "2012.10.14"]
[WhiteTeam "SK Praesident Berlin"]
[BlackTeam "SV Senat Berlin"]
[WhiteTeamCountry "RUS"]
[BlackTeamCountry "GER"]

1. e4 c5 2. Nf3 d6 3. Bb5+ Nc6 4. d4 cxd4 5. Qxd4 Bd7 6. Bxc6 Bxc6 7. Nc3 Nf6
8. Bg5 e6 9. O-O-O Be7 10. Rhe1 O-O 11. Qd3 $11 Qa5 12. Bd2 Qc7 13. Nd4 a6 14.
f4 Rfd8 15. g4 b5 16. a3 Nd7 17. f5 Nc5 18. Qh3 a5 19. g5 b4 20. g6 fxg6 21.
fxg6 hxg6 22. Nxe6 Qc8 23. Nd5 Bf8 24. Ndf4 Re8 25. Nxg6 Rxe6 26. Qh8+ Kf7 27.
Rf1+ Rf6 28. e5 Nb3+ 29. cxb3 Bg2+ 30. Kb1 Rxf1 31. Rxf1+ Bxf1 32. Nf4 Qf5+ 0-1

[Event "XII. DBMM Schach"]
[Site "Berlin"]
[Date "2012.10.13"]
[Round "6.4"]
[White "Lieb, Harald"]
[Black "Gruzman, Boris"]
[Result "0-1"]
[WhiteElo "2182"]
[BlackElo "2164"]
[Annotator "br"]
[PlyCount "168"]
[EventDate "2012.??.??"]
[Source "FV Schach e.V."]
[SourceDate "2012.10.14"]
[WhiteTeam "SV Senat Berlin"]
[BlackTeam "SK Praesident Berlin"]
[WhiteTeamCountry "GER"]
[BlackTeamCountry "RUS"]

1. d4 Nf6 2. c4 g6 3. Nc3 Bg7 4. e4 d6 5. Bg5 h6 6. Bf4 Nfd7 7. Nf3 e5 8. Be3
Nc6 9. d5 Ne7 10. h4 Nf6 11. Be2 O-O 12. Nd2 Nxe4 13. Ndxe4 f5 14. h5 g5 15.
Nxg5 hxg5 16. Bxg5 Bd7 17. g4 Qe8 18. h6 Bf6 19. Bxf6 Rxf6 20. g5 Rf8 21. Bh5
Ng6 22. Qd2 Kh7 23. O-O-O Rg8 24. Kb1 Qe7 25. Bxg6+ Rxg6 26. Rhg1 Rag8 27. f4
exf4 28. Rde1 Qd8 29. Qxf4 a6 30. Qe3 Re8 31. Qf2 Rxg5 32. Rxe8 Bxe8 33. Re1
Bg6 34. Ne2 f4+ 35. Kc1 Rf5 36. Nd4 Qg5 37. Rg1 Qh5 38. Ne6 f3 39. Qe3 f2 40.
Rf1 Qxh6 41. Kd2 Qxe3+ 42. Kxe3 Re5+ 43. Kd2 c6 44. Rxf2 cxd5 45. Nf4 Be4 46.
Rh2+ Kg7 47. cxd5 Bxd5 48. a3 Bf7 49. Nd3 Rh5 50. Rg2+ Kf8 51. Kc3 Rh4 52. Rf2
Rc4+ 53. Kd2 Ke7 54. Rg2 Rc8 55. Re2+ Kd7 56. Rh2 Bg6 57. Rg2 Bxd3 58. Rg7+ Kc6
59. Kxd3 Kb6 60. Rg6 Rc6 61. Kd4 Kb5 62. b3 a5 63. Rg5+ Rc5 64. Rg6 Kc6 65. Rg8
Kb6 66. Rg6 Rc6 67. Kd5 Rc3 68. a4 Rxb3 69. Rxd6+ Kc7 70. Rh6 Rb4 71. Rh7+ Kb6
72. Rh6+ Ka7 73. Kc5 b6+ 74. Kc6 Rxa4 75. Rh7+ Ka6 76. Rh8 Rc4+ 77. Kd5 Rc1 78.
Ra8+ Kb5 79. Rh8 Rd1+ 80. Ke4 Kb4 81. Rh2 b5 82. Rb2+ Kc5 83. Ke3 b4 84. Rh2 a4
0-1

[Event "XII. DBMM Schach"]
[Site "Berlin"]
[Date "2012.10.13"]
[Round "6.1"]
[White "Hohlfeld, Wolfgang"]
[Black "Lubbe, Nikolas"]
[Result "0-1"]
[WhiteElo "2134"]
[BlackElo "2406"]
[Annotator "br"]
[PlyCount "82"]
[EventDate "2012.??.??"]
[Source "FV Schach e.V."]
[SourceDate "2012.10.14"]
[WhiteTeam "Baubehoerde Hamburg"]
[BlackTeam "KPMG AG Frankfurt"]
[WhiteTeamCountry "GER"]
[BlackTeamCountry "GER"]

1. e4 c5 2. c3 Nf6 3. e5 Nd5 4. d4 cxd4 5. Nf3 e6 6. cxd4 Nc6 7. Bc4 Nb6 8. Bd3
Nb4 9. Be4 d5 10. exd6 Bxd6 11. Nc3 N4d5 12. O-O Nxc3 13. bxc3 Qc7 14. Bd2 Bd7
15. c4 Nxc4 16. Rc1 Rc8 17. Ne5 b5 18. Nxd7 Qxd7 19. Bc3 O-O 20. Qd3 g6 21.
Rfd1 Rfd8 22. h4 Bf4 23. Rc2 f5 24. Bf3 e5 25. Be2 e4 26. Qh3 Nd6 27. Rb2 e3
28. Be1 exf2+ 29. Bxf2 a6 30. Qf3 Bh6 31. Bg3 Ne4 32. Be5 Bg7 33. Qf4 Bxe5 34.
dxe5 Qe7 35. Bf3 Rc4 36. e6 Rxd1+ 37. Bxd1 Nf6 38. Qg5 Qxe6 39. Re2 Qb6+ 40.
Kh1 Ne4 41. Qe7 Qc7 0-1

[Event "XII. DBMM Schach"]
[Site "Berlin"]
[Date "2012.10.13"]
[Round "6.2"]
[White "Ohme, Melanie"]
[Black "Hedden, Helge"]
[Result "1/2-1/2"]
[WhiteElo "2337"]
[BlackElo "2073"]
[Annotator "br"]
[PlyCount "178"]
[EventDate "2012.??.??"]
[Source "FV Schach e.V."]
[SourceDate "2012.10.14"]
[WhiteTeam "KPMG AG Frankfurt"]
[BlackTeam "Baubehoerde Hamburg"]
[WhiteTeamCountry "GER"]
[BlackTeamCountry "GER"]

1. e4 e6 2. d4 d5 3. Nc3 Nf6 4. e5 Nfd7 5. f4 c5 6. Nf3 Nc6 7. Be3 cxd4 8. Nxd4
Bc5 9. Qd2 O-O 10. O-O-O a6 11. h4 Nxd4 12. Bxd4 b5 13. Ne2 a5 14. Kb1 b4 15.
Rh3 Ba6 16. h5 Qb6 17. g4 Bxe2 18. Bxe2 Bxd4 19. Qxd4 Qxd4 20. Rxd4 Rab8 21. g5
Nc5 22. c4 bxc3 23. Rxc3 Ne4 24. Rc7 Rfc8 25. Rxc8+ Rxc8 26. Bf3 Nc5 27. Bg4
Rb8 28. Kc2 Kf8 29. Bf3 Ke7 30. b3 f6 31. exf6+ gxf6 32. Rd2 fxg5 33. fxg5 Rf8
34. Bd1 Ne4 35. Rg2 Rg8 36. g6 hxg6 37. hxg6 Kf6 38. Bf3 Nd6 39. Bh5 Nf5 40.
Kd3 e5 41. Rc2 Kg5 42. Bf3 e4+ 43. Bxe4 dxe4+ 44. Kxe4 Re8+ 45. Kd3 Rd8+ 46.
Ke4 Re8+ 47. Kd3 Kxg6 48. Rc6+ Kg5 49. Rc5 a4 50. bxa4 Kf6 51. a5 Ke6 52. a6
Ra8 53. Ra5 Nd6 54. Kd4 Kd7 55. a7 Kc6 56. Ra6+ Kc7 57. Kc5 Nc8 58. Rh6 Kb7 59.
Rh7+ Ka6 60. Rh6+ Kxa7 61. a4 Rb8 62. Rh7+ Ka6 63. Rh8 Rb1 64. Rh4 Ka5 65. Kc6
Nb6 66. Rh8 Rc1+ 67. Kd6 Kxa4 68. Rh4+ Kb5 69. Rh5+ Kb4 70. Rh4+ Nc4+ 71. Kc6
Rg1 72. Kd5 Rg5+ 73. Kd4 Nd6 74. Kd3+ Kb3 75. Rh7 Rd5+ 76. Ke3 Kc3 77. Rc7+
Nc4+ 78. Kf4 Kd4 79. Ra7 Rd8 80. Kf5 Kd5 81. Kf6 Rf8+ 82. Rf7 Rh8 83. Rd7+ Nd6
84. Ra7 Rf8+ 85. Kg5 Ne4+ 86. Kg4 Nf2+ 87. Kg5 Nd3 88. Ra5+ Ke4 89. Ra4+ Ke5
1/2-1/2

[Event "XII. DBMM Schach"]
[Site "Berlin"]
[Date "2012.10.13"]
[Round "6.3"]
[White "Hein, Ralf"]
[Black "Knickel, Aaron"]
[Result "0-1"]
[WhiteElo "2194"]
[BlackElo "2190"]
[Annotator "br"]
[PlyCount "124"]
[EventDate "2012.??.??"]
[Source "FV Schach e.V."]
[SourceDate "2012.10.14"]
[WhiteTeam "Baubehoerde Hamburg"]
[BlackTeam "KPMG AG Frankfurt"]
[WhiteTeamCountry "GER"]
[BlackTeamCountry "GER"]

1. c4 g6 2. Nc3 d6 3. g3 Bg7 4. Bg2 e5 5. e4 Nf6 6. d3 O-O 7. Nge2 Ne8 8. O-O
f5 9. f4 Nc6 10. a3 a5 11. Nd5 Nd4 12. Rb1 Nxe2+ 13. Qxe2 c6 14. Ne3 fxe4 15.
dxe4 exf4 16. gxf4 Qe7 17. Kh1 Nf6 18. Qd3 Re8 19. f5 g5 20. c5 dxc5 21. Nc4
Nxe4 22. Bxe4 Qxe4+ 23. Qxe4 Rxe4 24. Nb6 Rb8 25. Bxg5 Be5 26. Rbd1 Bc7 27. Bd8
Be5 28. Be7 Bc7 29. Bd6 Bxd6 30. Rxd6 Rd4 31. Rh6 Bd7 32. Rg1+ Kh8 33. Rf6 Rg8
34. Rf7 Be8 35. Re7 Bh5 36. Rxg8+ Kxg8 37. f6 Rf4 38. Nd7 Bg4 39. Re8+ Kf7 40.
Rf8+ Ke6 41. Nxc5+ Kd5 42. Nd3 Rf5 43. Kg2 Bh5 44. Kg3 Bg6 45. h4 Ke4 46. Nf2+
Ke5 47. Ng4+ Ke6 48. Rg8 Rb5 49. Rg7 Rxb2 50. Re7+ Kd6 51. Ne5 b5 52. Nxg6 hxg6
53. Re3 Rb1 54. f7 Rf1 55. Rd3+ Ke7 56. Rc3 Rf6 57. Kg4 Kxf7 58. Rc5 Ke7 59.
Kg5 Rf5+ 60. Rxf5 gxf5 61. a4 Kf7 62. Kh6 Kg8 0-1

[Event "XII. DBMM Schach"]
[Site "Berlin"]
[Date "2012.10.13"]
[Round "6.4"]
[White "De Visser, Leon"]
[Black "Albrecht, Norbert"]
[Result "1/2-1/2"]
[WhiteElo "2146"]
[BlackElo "1856"]
[Annotator "br"]
[PlyCount "87"]
[EventDate "2012.??.??"]
[Source "FV Schach e.V."]
[SourceDate "2012.10.14"]
[WhiteTeam "KPMG AG Frankfurt"]
[BlackTeam "Baubehoerde Hamburg"]
[WhiteTeamCountry "GER"]
[BlackTeamCountry "GER"]

1. c4 Nf6 2. g3 g6 3. Bg2 Bg7 4. Nc3 O-O 5. e4 d6 6. Nge2 e5 7. O-O Nc6 8. d3
Bd7 9. h3 Ne7 10. Be3 c6 11. Qd2 Ne8 12. Rad1 c5 13. f4 Qc8 14. Kh2 Bh6 15.
Rde1 Rb8 16. fxe5 Bxe3 17. Qxe3 dxe5 18. Nd5 Nxd5 19. exd5 f6 20. Nc3 Nd6 21.
Ne4 Nxe4 22. dxe4 Kg7 23. Rf2 b5 24. cxb5 Rxb5 25. Rc1 Qb8 26. b3 Rc8 27. Bf1
Ra5 28. a4 Qb4 29. Rc4 Qa3 30. Rfc2 Bxa4 31. R4c3 Bd7 32. g4 Qa1 33. Bg2 Qa3
34. g5 Ra6 35. Rxc5 Rxc5 36. Qxc5 Qxc5 37. Rxc5 fxg5 38. Rc7 Rd6 39. Rxa7 Kf8
40. Kg3 h5 41. Bf3 Bb5 42. Rb7 Bd3 43. Rc7 Rb6 44. Rc3 1/2-1/2

[Event "XII. DBMM Schach"]
[Site "Berlin"]
[Date "2012.10.13"]
[Round "6.1"]
[White "Beltz, Franziska"]
[Black "Seger, Ruediger"]
[Result "0-1"]
[WhiteElo "2125"]
[BlackElo "2390"]
[Annotator "br"]
[PlyCount "84"]
[EventDate "2012.??.??"]
[Source "FV Schach e.V."]
[SourceDate "2012.10.14"]
[WhiteTeam "Emco GmbH Leipzig"]
[BlackTeam "Deutsche Post Bonn"]
[WhiteTeamCountry "GER"]
[BlackTeamCountry "GER"]

1. e4 c6 2. d4 d5 3. exd5 cxd5 4. c4 Nf6 5. Nc3 e6 6. Nf3 Bb4 7. a3 Bxc3+ 8.
bxc3 O-O 9. Bg5 Nbd7 10. Bd3 dxc4 11. Bxc4 Qc7 12. Qd3 b6 13. O-O Bb7 14. Nd2
Rac8 15. Rac1 Ne4 16. Nxe4 Bxe4 17. Qxe4 Qxc4 18. Rfe1 Rc6 19. Re3 f6 20. Rh3
g6 21. Bh6 Rf7 22. Re1 f5 23. Qh4 Nf6 24. Rhe3 Qd5 25. f3 Qd7 26. Qg3 f4 27.
Qxf4 Nd5 28. Qb8+ Rc8 29. Qe5 Nxe3 30. Rxe3 Rf5 31. Qe4 Ra5 32. Qg4 Rf5 33. h4
Kf7 34. Qe4 Qd5 35. Qd3 Kg8 36. Qe2 Qc4 37. Qe1 Kf7 38. g4 Rb5 39. Qg3 Rb1+ 40.
Re1 Rxe1+ 41. Qxe1 Qxc3 42. Qe5 Qa1+ 0-1

[Event "XII. DBMM Schach"]
[Site "Berlin"]
[Date "2012.10.13"]
[Round "6.2"]
[White "Stanetzek, Carsten"]
[Black "Beltz, Robert"]
[Result "1/2-1/2"]
[WhiteElo "2245"]
[BlackElo "2105"]
[Annotator "br"]
[PlyCount "71"]
[EventDate "2012.??.??"]
[Source "FV Schach e.V."]
[SourceDate "2012.10.14"]
[WhiteTeam "Deutsche Post Bonn"]
[BlackTeam "Emco GmbH Leipzig"]
[WhiteTeamCountry "GER"]
[BlackTeamCountry "GER"]

1. e4 c5 2. Nf3 Nc6 3. Bb5 g6 4. Bxc6 dxc6 5. d3 Bg7 6. h3 e5 7. Nc3 f6 8. Be3
b6 9. O-O Nh6 10. a3 Be6 11. Qe2 O-O 12. b4 cxb4 13. axb4 Qd6 14. Ra4 Nf7 15.
Rfa1 Qc7 16. Qd2 Rfd8 17. Ra6 Qb7 18. Qc1 Nd6 19. Qa3 Nc8 20. Nd1 Rb8 21. Nb2
Bf8 22. Qc3 Qd7 23. Nc4 Rb7 24. Rb1 Nd6 25. Nfd2 Be7 26. Nxd6 Bxd6 27. Nc4 Bb8
28. Raa1 Qf7 29. Nd2 Qd7 30. Nc4 Qf7 31. Nd2 Qd7 32. Nc4 Qc8 33. Rf1 Rf7 34. f3
Qd7 35. Rfd1 Qe8 36. Rf1 1/2-1/2

[Event "XII. DBMM Schach"]
[Site "Berlin"]
[Date "2012.10.13"]
[Round "6.3"]
[White "Beltz, Martina"]
[Black "Gikas, Andreas Basilius"]
[Result "0-1"]
[WhiteElo "2097"]
[BlackElo "2210"]
[Annotator "br"]
[PlyCount "60"]
[EventDate "2012.??.??"]
[Source "FV Schach e.V."]
[SourceDate "2012.10.14"]
[WhiteTeam "Emco GmbH Leipzig"]
[BlackTeam "Deutsche Post Bonn"]
[WhiteTeamCountry "GER"]
[BlackTeamCountry "GER"]

1. d4 d5 2. Nf3 c6 3. e3 Bf5 4. Be2 e6 5. O-O Nd7 6. b3 h6 7. Bb2 Ngf6 8. Nbd2
Be7 9. c4 O-O 10. Rc1 Re8 11. a3 Bf8 12. b4 a6 13. Qb3 g5 14. b5 dxc4 15. Nxc4
axb5 16. Nce5 Nxe5 17. Nxe5 Nd7 18. Nxf7 Kxf7 19. f4 g4 20. e4 Bxe4 21. f5 Nf6
22. fxe6+ Kg6 23. Rxf6+ Qxf6 24. d5 Qg5 25. Qc3 cxd5 26. Rf1 Rxe6 27. Qc7 Qe7
28. Qf4 Bg7 29. Qxg4+ Kh7 30. Bc1 Rg6 0-1

[Event "XII. DBMM Schach"]
[Site "Berlin"]
[Date "2012.10.13"]
[Round "6.1"]
[White "Gempe, Thomas"]
[Black "Heerde, Thomas"]
[Result "1-0"]
[WhiteElo "2270"]
[BlackElo "1965"]
[Annotator "br"]
[PlyCount "107"]
[EventDate "2012.??.??"]
[Source "FV Schach e.V."]
[SourceDate "2012.10.14"]
[WhiteTeam "ADAC Muenchen"]
[BlackTeam "SV Senat Berlin III"]
[WhiteTeamCountry "GER"]
[BlackTeamCountry "GER"]

1. e4 d5 2. exd5 Qxd5 3. Nc3 Qa5 4. Bc4 Nf6 5. d3 c6 6. Nge2 g6 7. Ng3 Bg7 8.
O-O O-O 9. Re1 e5 10. Bd2 Qc7 11. Nce4 Nd5 12. Bb3 a5 13. a3 Nd7 14. Qc1 N7b6
15. Bh6 Nf4 16. Bxg7 Kxg7 17. Ng5 f6 18. Nf3 c5 19. Ne2 Nbd5 20. Bxd5 Nxd5 21.
h3 b6 22. Nh2 h5 23. Nf1 Bb7 24. Ne3 Qc6 25. f3 Rac8 26. Nxd5 Qxd5 27. Qe3 Rf7
28. Nc3 Qc6 29. a4 Rd7 30. b3 Rcd8 31. Rad1 Rd4 32. Ne4 Ba6 33. Ra1 Bb7 34. Re2
Qc7 35. Rf1 Bc6 36. Ra1 Bb7 37. Rf1 Bc6 38. Ra1 Qb8 39. Ree1 Qc7 40. Re2 Qb8
41. Ree1 R8d7 42. Re2 Qd8 43. Rae1 Qa8 44. Nxf6 Kxf6 45. Qxe5+ Kf7 46. Qg5 Qd8
47. Qh6 Bd5 48. c3 Rh4 49. c4 Qg8 50. cxd5 Rd4 51. Qg5 Qf8 52. Re6 Kg8 53.
Rxg6+ Rg7 54. Re8 1-0

[Event "XII. DBMM Schach"]
[Site "Berlin"]
[Date "2012.10.13"]
[Round "6.2"]
[White "Hahlbohm, Matthias"]
[Black "Budai, Zoltan"]
[Result "1-0"]
[WhiteElo "2002"]
[BlackElo "2021"]
[Annotator "br"]
[PlyCount "69"]
[EventDate "2012.??.??"]
[Source "FV Schach e.V."]
[SourceDate "2012.10.14"]
[WhiteTeam "SV Senat Berlin III"]
[BlackTeam "ADAC Muenchen"]
[WhiteTeamCountry "GER"]
[BlackTeamCountry "GER"]

1. e4 c5 2. Nf3 Nc6 3. d4 cxd4 4. Nxd4 Nf6 5. Nc3 e5 6. Ndb5 d6 7. Bg5 a6 8.
Bxf6 gxf6 9. Na3 b5 10. Nd5 Bg7 11. Ne3 Ne7 12. Qf3 f5 13. Bd3 d5 14. O-O-O Qa5
15. Nxd5 Nxd5 16. exd5 e4 17. Bxe4 Qb4 18. c3 fxe4 19. Rhe1 Qd6 20. Qxe4+ Kd8
21. g3 Bd7 22. f4 Rc8 23. Nc2 Re8 24. Qxh7 Rxe1 25. Rxe1 Qf6 26. Qd3 Bf5 27.
Qe3 Bxc2 28. Kxc2 Kd7 29. d6 Qf5+ 30. Kc1 Qc5 31. Qe7+ Kc6 32. d7 Qxe7 33.
dxc8=Q+ Qc7 34. Qxc7+ Kxc7 35. Re7+ 1-0

[Event "XII. DBMM Schach"]
[Site "Berlin"]
[Date "2012.10.13"]
[Round "6.3"]
[White "Baudrexel, Peter"]
[Black "Bolk, Matthias"]
[Result "1-0"]
[WhiteElo "1863"]
[BlackElo "2045"]
[Annotator "br"]
[PlyCount "59"]
[EventDate "2012.??.??"]
[Source "FV Schach e.V."]
[SourceDate "2012.10.14"]
[WhiteTeam "ADAC Muenchen"]
[BlackTeam "SV Senat Berlin III"]
[WhiteTeamCountry "GER"]
[BlackTeamCountry "GER"]

1. f4 g6 2. Nf3 Bg7 3. g3 d6 4. Bg2 Nc6 5. d3 e5 6. Nc3 f5 7. e4 Nf6 8. O-O O-O
9. fxe5 dxe5 10. exf5 Bxf5 11. Bg5 h6 12. Be3 e4 13. Nh4 Ng4 14. Bc5 Bd4+ 15.
Bxd4 Qxd4+ 16. Kh1 Nf2+ 17. Rxf2 Qxf2 18. dxe4 Rad8 19. Nd5 Be6 20. Nxg6 Rf7
21. Qh5 Kg7 22. Ngf4 Bxd5 23. Qg6+ Kf8 24. exd5 Ne7 25. Qxh6+ Ke8 26. Ne6 Nxd5
27. Qh8+ Rf8 28. Qe5 Ne3 29. Ng5+ Kd7 30. Qe6# 1-0

[Event "XII. DBMM Schach"]
[Site "Berlin"]
[Date "2012.10.13"]
[Round "6.4"]
[White "Kiesewetter, Peter"]
[Black "Gempe, Anet"]
[Result "1/2-1/2"]
[WhiteElo "1849"]
[BlackElo "2012"]
[Annotator "br"]
[PlyCount "92"]
[EventDate "2012.??.??"]
[Source "FV Schach e.V."]
[SourceDate "2012.10.14"]
[WhiteTeam "SV Senat Berlin III"]
[BlackTeam "ADAC Muenchen"]
[WhiteTeamCountry "GER"]
[BlackTeamCountry "GER"]

1. Nf3 e6 2. d4 d5 3. Bf4 Nf6 4. e3 Be7 5. h3 O-O 6. c4 c6 7. Nc3 Nbd7 8. Be2
Re8 9. Rc1 Nf8 10. O-O Ng6 11. Bh2 Bd6 12. cxd5 exd5 13. Ne1 Bxh2+ 14. Kxh2
Qd6+ 15. Kg1 Bd7 16. Nd3 b6 17. b4 a5 18. Rb1 axb4 19. Rxb4 Reb8 20. Na4 b5 21.
Nc3 Ra3 22. Rb3 Ra7 23. Qb1 Rba8 24. Nc5 Be8 25. Qb2 Nd7 26. Bxb5 Nxc5 27. dxc5
Qxc5 28. Be2 Qd6 29. Rb6 Qa3 30. Rb1 Qxb2 31. R1xb2 Kf8 32. Rb8 Ne5 33. f4 Nd7
34. Rxa8 Rxa8 35. Kf2 Nc5 36. Ke1 Ke7 37. Kd2 Bd7 38. Bf3 f5 39. Bd1 Ra7 40.
Bc2 g6 41. Rb8 Kd6 42. Rh8 Be6 43. Rd8+ Ke7 44. Rh8 Kd6 45. Rd8+ Ke7 46. Rh8
Kd6 1/2-1/2

[Event "XII. DBMM Schach"]
[Site "Berlin"]
[Date "2012.10.13"]
[Round "6.1"]
[White "Bruedigam, Martin"]
[Black "Shapiro, Yosip"]
[Result "1-0"]
[WhiteElo "2419"]
[BlackElo "1997"]
[Annotator "br"]
[PlyCount "113"]
[EventDate "2012.??.??"]
[Source "FV Schach e.V."]
[SourceDate "2012.10.14"]
[WhiteTeam "SG Bund Berlin"]
[BlackTeam "SK Praesident Berlin II"]
[WhiteTeamCountry "GER"]
[BlackTeamCountry "RUS"]

1. e4 c6 2. d4 d5 3. exd5 cxd5 4. Bd3 Nc6 5. c3 Nf6 6. h3 g6 7. Qc2 Bg7 8. Nf3
O-O 9. O-O b6 10. Bf4 Bb7 11. Re1 Rc8 12. Qe2 e6 13. Nbd2 Ne7 14. Ne5 Nf5 15.
Ng4 Nxg4 16. hxg4 Nd6 17. g5 Qd7 18. Qg4 Nc4 19. Bxc4 dxc4 20. Re3 Bd5 21. Rh3
f5 22. gxf6 Rxf6 23. Be5 Rf5 24. Bxg7 Kxg7 25. Qe2 Rcf8 26. f3 Qc6 27. Nf1 Rg5
28. Qe3 h6 29. Nh2 Qd6 30. Ng4 Qf4 31. Qxf4 Rxf4 32. Ne5 Rff5 33. Kf2 Rh5 34.
Rg3 Rfg5 35. Rxg5 Rxg5 36. g4 h5 37. f4 Rxg4 38. Nxg4 hxg4 39. Kg3 Bf3 40. Re1
Kf6 41. Re5 Bd1 42. Rg5 a6 43. Kf2 Bf3 44. Kg3 Kf7 45. a4 Kf6 46. a5 bxa5 47.
Rxa5 Ke7 48. Rxa6 Kd7 49. Ra5 Ke7 50. Rb5 Kf6 51. b3 cxb3 52. Rxb3 Kf5 53. Rb5+
Ke4 54. Re5+ Kd3 55. Rxe6 Kxc3 56. Rxg6 Kxd4 57. Rxg4 1-0

[Event "XII. DBMM Schach"]
[Site "Berlin"]
[Date "2012.10.13"]
[Round "6.2"]
[White "Artukovic, Adis"]
[Black "Schnabel, Ralf"]
[Result "0-1"]
[WhiteElo "2020"]
[BlackElo "2226"]
[Annotator "br"]
[PlyCount "78"]
[EventDate "2012.??.??"]
[Source "FV Schach e.V."]
[SourceDate "2012.10.14"]
[WhiteTeam "SK Praesident Berlin II"]
[BlackTeam "SG Bund Berlin"]
[WhiteTeamCountry "RUS"]
[BlackTeamCountry "GER"]

1. d4 f5 2. c4 Nf6 3. g3 g6 4. Bg2 Bg7 5. Nc3 O-O 6. Nf3 d6 7. O-O Qe8 8. Nd5
Nxd5 9. cxd5 Nd7 10. Ng5 Nb6 11. a4 c6 12. dxc6 bxc6 13. d5 c5 14. Qc2 Rb8 15.
Bd2 Bd7 16. a5 Na8 17. Bc3 Nc7 18. Bxg7 Kxg7 19. h4 Rb4 20. e3 h6 21. Nh3 Qf7
22. Nf4 Rfb8 23. Rfb1 Qf6 24. Nd3 R4b7 25. Ra2 Na6 26. Bf1 Bb5 27. Ra3 Nb4 28.
Nxb4 Bxf1 29. Kxf1 Rxb4 30. Ra2 Qe5 31. Qd2 a6 32. f4 Qe4 33. Raa1 Rb3 34. Kf2
R8b5 35. h5 g5 36. fxg5 hxg5 37. Qc1 Kh6 38. Qd2 g4 39. Qe2 c4 0-1